Bullying: aulas libres de acoso
Guardat en:
| Autor principal: | |
|---|---|
| Format: | Llibre |
| Idioma: | espanyol |
| Publicat: |
Barcelona
Graó
2006
|
| Edició: | 1a. ed |
| Col·lecció: | Educación para la Ciudadanía, 225
|
| Matèries: | |
| Etiquetes: |
Afegir etiqueta
Sense etiquetes, Sigues el primer a etiquetar aquest registre!
|
MARC
| LEADER | 00000nam a2200000 a 4500 | ||
|---|---|---|---|
| 001 | UCI8062 | ||
| 003 | CL-VaPUC | ||
| 008 | 080807e20060000SP |||||||||||||||||spa|d | ||
| 020 | |a 8478274391 | ||
| 082 | 0 | 4 | |a 371.782 |b BEA |2 21 |
| 100 | 0 | |a Beane, Allan L |e author |9 531526 | |
| 245 | 1 | 0 | |a Bullying: aulas libres de acoso |
| 250 | |a 1a. ed | ||
| 300 | |a 245 p | ||
| 942 | |c BK | ||
| 945 | |d 20080807 00:00:00 |a rbrito | ||
| 260 | |a Barcelona |b Graó |c 2006 | ||
| 650 | 0 | |a Violencia escolar |9 453211 | |
| 650 | 7 | |a BULLYING |2 CL-VaPUC |9 525095 | |
| 650 | 0 | |a Acoso escolar |9 531527 | |
| 650 | 0 | |a Alumnos agresivos |9 525094 | |
| 650 | 0 | |a Formación profesional de profesores |9 307493 | |
| 583 | |a last modification |c 20080807 00:00:00 |k Rodrigo Vera | ||
| 490 | 0 | |a Educación para la Ciudadanía, 225 | |
| 999 | |c 331138 |d 331136 | ||
| 952 | |0 0 |1 0 |4 0 |6 371_782000000000000_BEA_2006 |7 0 |8 A |9 417286 |a BIBEDU |b BIBEDU |d 2019-11-22 |i 4469720 |o 371.782 BEA 2006 |p 4469720 |r 2019-11-22 |w 2019-11-22 |y BK |k EBA | ||
| 952 | |0 0 |1 0 |4 0 |6 371_782000000000000_BEA_2006 |7 0 |8 A |9 417287 |a BIBEDU |b BIBEDU |d 2019-11-22 |i 4480201 |o 371.782 BEA 2006 |p 4480201 |r 2019-11-22 |w 2019-11-22 |y BK |k PSI | ||